Mandalas of the Bon religion: Tritan Norbutse collection
| Contributors: | ; ; |
|---|---|
| Format: | Print Book |
| Language: | English Tibetan |
| Subito Delivery Service: | Order now. |
| Check availability: | HBZ Gateway |
| WorldCat: | WorldCat |
| Interlibrary Loan: | Interlibrary Loan for the Fachinformationsdienste (Specialized Information Services in Germany) |
| Published: |
Delhi
Saujanya Publications
2002
|
| In: |
Senri ethnological reports / Bon studies (1)
Year: 2000 |
| Edition: | Reprint |
| Series/Journal: | Senri ethnological reports / Bon studies
1 |
| Standardized Subjects / Keyword chains: | B
Tibet
/ Bonpo
/ Iconography
|
| Further subjects: | B
Bonpo (Sect)
Liturgical objects
China
Tibet
B Mandala (Buddhism) China Tibet B Bon (Tibetan religion) Liturgical objects China Tibet |
MARC
| LEADER | 00000cam a2200000 c 4500 | ||
|---|---|---|---|
| 001 | 353060518 | ||
| 003 | DE-627 | ||
| 005 | 20251223201408.0 | ||
| 007 | tu | ||
| 008 | 020827r20022000ii ||||| 00| ||eng c | ||
| 020 | |a 8186561005 |9 81-86561-00-5 | ||
| 035 | |a (DE-627)353060518 | ||
| 035 | |a (DE-599)GBV353060518 | ||
| 035 | |a (OCoLC)834311724 | ||
| 040 | |a DE-627 |b ger |c DE-627 |e rakwb | ||
| 041 | |a eng |a tib | ||
| 044 | |c XB-IN | ||
| 050 | 0 | |a BQ5125.M3 | |
| 082 | 0 | |a 299.54 | |
| 084 | |a 0 |2 ssgn | ||
| 084 | |a LC 30390 |2 rvk |0 (DE-625)rvk/90640:896 | ||
| 084 | |a 11.98 |2 bkl | ||
| 084 | |a 20.21 |2 bkl | ||
| 245 | 0 | 0 | |a Mandalas of the Bon religion |b Tritan Norbutse collection |c edited by Tenzin Namdak, Yasuhiko Nagamo, Musashi Tachikawa |
| 250 | |a Reprint | ||
| 264 | 1 | |a Delhi |b Saujanya Publications |c 2002 | |
| 300 | |a xliii, 131 p |b col. ill |c 29 cm, 4° | ||
| 336 | |a Text |b txt |2 rdacontent | ||
| 337 | |a ohne Hilfsmittel zu benutzen |b n |2 rdamedia | ||
| 338 | |a Band |b nc |2 rdacarrier | ||
| 490 | 1 | |a Bon studies |v 1 | |
| 500 | |a Originally published: Osaka : National Museum of Ethnology, 2000 | ||
| 500 | |a In Tibetan; includes pref. in English and Tibetan; (Tibetan in roman also) | ||
| 534 | |c 2000 | ||
| 583 | 1 | |a Archivierung prüfen |c 20240324 |f DE-4165 |z 1 |2 pdager | |
| 601 | |a Mandala | ||
| 601 | |a Religion | ||
| 650 | 0 | |a Bonpo (Sect) |x Liturgical objects |x China |x Tibet | |
| 650 | 0 | |a Mandala (Buddhism) |x China |x Tibet | |
| 650 | 0 | |a Bon (Tibetan religion) |x Liturgical objects |x China |x Tibet | |
| 689 | 0 | 0 | |d g |0 (DE-588)4060036-1 |0 (DE-627)106141120 |0 (DE-576)209133503 |2 gnd |a Tibet |
| 689 | 0 | 1 | |d s |0 (DE-588)4146277-4 |0 (DE-627)10558519X |0 (DE-576)209747935 |2 gnd |a Bon-Religion |
| 689 | 0 | 2 | |d s |0 (DE-588)4026535-3 |0 (DE-627)104675268 |0 (DE-576)208966870 |2 gnd |a Ikonografie |
| 689 | 0 | |5 (DE-627) | |
| 700 | 0 | |e Hrsg. |0 (DE-588)104279451 |0 (DE-627)077006453 |0 (DE-576)289022274 |4 edt |a Bstan-vdzin-rnam-dag |d 1926-2025 | |
| 700 | 1 | |a Nagano, Yasuhiko |e Hrsg. |4 edt | |
| 700 | 1 | |a Tachikawa, Musashi |e Hrsg. |4 edt | |
| 830 | 0 | |a Senri ethnological reports / Bon studies |v 1 |9 1 |w (DE-627)323386962 |7 am | |
| 936 | r | v | |a LC 30390 |b Bhutan, Nepal, Himalaya-Region insgesamt |k Sozial- und Kulturanthropologie. Empirische Kulturwissenschaft |k Religionsethnologie |k Religion - Allgemeines, Theoretisches, Zusammenfassendes |k Asien (ohne GUS) |k Südasien |k Bhutan, Nepal, Himalaya-Region insgesamt |0 (DE-627)1398911224 |0 (DE-625)rvk/90640:896 |0 (DE-576)328911224 |
| 936 | b | k | |a 11.98 |j Sonstige Religionen |0 (DE-627)106403087 |
| 936 | b | k | |a 20.21 |j Religion |j Magie |x Ikonographie |0 (DE-627)106406353 |
| 951 | |a BO | ||
| ELC | |b 1 | ||
| ORI | |a SA-MARC-ixtheo_oa001.raw | ||
| REL | |a 1 | ||
| STA | 0 | 0 | |a Bonpo,Bon,Bonism,Iconography |
| STB | 0 | 0 | |a Bön,Iconographie |
| STC | 0 | 0 | |a Bon,Iconografía |
| STD | 0 | 0 | |a Iconografia,Religione bon |
| STE | 0 | 0 | |a 圣像学,苯教,钵教,本教 |
| STF | 0 | 0 | |a 聖像學,苯教,缽教,本教 |
| STG | 0 | 0 | |a Bon,Iconografia |
| STH | 0 | 0 | |a Бон (тибетская религия),Иконография |
| STI | 0 | 0 | |a Εικονογραφία,Θρησκεία Μπον |
| SUB | |a REL | ||
| SYG | 0 | 0 | |a Xizang Zizhiqu,Bod rang skyong ljongs,Xizang zizhiqu,Xizang,Autonomes Gebiet Tibet,Tibet Autonomous Region,Tibetan Autonomous Region,Bod , Gascart, Gilbert,Tibet , Bonismus,Bön-Religion,Bonpo,Bönpo,Bon,Bön , Ikonographie,Kunst |



